000 00829cab a2200265 4500
001 ABS50966
008 090401t1994 xxu||||| |||| 00| 0 eng d
035 _a(Sirsi) u3319
041 _aeng
100 _aTobin, P.
245 _aDivorce valuation
260 _c1994
350 _a0
490 _aValuer (ISVA)
_v63(6) July 1994, 7(1)
520 _aContributes to the debate on the effects of the recession on property values, and evaluates the tenants situation in relation to being locked into long leases at excessive rents with upwards-only rent reviews.
650 _aLEASES
650 _aMARKET CONDITIONS
650 _aOVER-RENTED PROPERTY
650 _aRENT REVIEWS
650 _aTENANTS
690 _aPROPERTY-LANDLORD AND TENANT
690 _aRATING AND VALUATION
942 _n0
948 _c04/03/1997
999 _c2031
_d2031